Most Appearances in Football - Statistics

General Stats
  • This quiz has been taken 48 times
  • The average score is 12 of 24
Answer Stats
Answer % Correct
Ryan Giggs
98%
Paolo Maldini
95%
Steven Gerrard
95%
Francesco Totti
93%
Javier Zanetti
85%
Paul Scholes
85%
Xavi
85%
John Terry
83%
Lionel Messi
83%
Raúl
73%
Iker Casillas
63%
Alessandro Del Piero
58%
Jamie Carragher
58%
Bobby Charlton
45%
Giuseppe Bergomi
20%
David O'Leary
15%
Ian Callaghan
15%
Manolo Sanchís
15%
Jean-Luc Ettori
13%
Ron Harris
13%
Karl-Heinz Körbel
10%
Manfred Kaltz
10%
Steve Perryman
8%
Peter Bonetti
5%
No matching quizzes found
Score Distribution
Percent of People with Each Score
Percentile by Number Answered
Your Score History
You have not taken this quiz